Budapest /
Enregistré dans:
| Auteur principal: | |
|---|---|
| Format: | Livre |
| Langue: | espagnol |
| Publié: |
Madrid, España :
El País : Aguilar,
1993, c1993
|
| Collection: | (Guías Fodor's)
|
| Sujets: | |
| Tags: |
Pas de tags, Soyez le premier à ajouter un tag!
|
MARC
| LEADER | 00000nam^a2200000^a^4500 | ||
|---|---|---|---|
| 001 | 000089990 | ||
| 005 | 20250521000000.0 | ||
| 009 | 20260526121421.976 | ||
| 020 | |a 84-03-59219-1 | ||
| 037 | |a Acervo ITESO - Biblioteca | ||
| 041 | |a ESP | ||
| 082 | |a 914. 3904 |b BUD | ||
| 100 | |a Hernández, María José |e (ed.) | ||
| 245 | 1 | 0 | |a Budapest / |c Ed. de textos de M.J. Hernández ; tr. por Antonio Cornejo González. |
| 264 | 4 | |a Madrid, España : |b El País : |b Aguilar, |c 1993, c1993 | |
| 300 | |a 182 p. | ||
| 336 | |a texto |b txt |2 rdacontenido | ||
| 337 | |a sin mediación |b n |2 rdamedio | ||
| 338 | |a volumen |b nc |2 rdasoporte | ||
| 440 | 1 | |a (Guías Fodor's) | |
| 500 | |a Traducción de: Fodor's Budapest | ||
| 649 | |a XX | ||
| 650 | |a Guías Turísticas | ||
| 650 | |a Budapest, Hungría - |x Descripción - |x Guías Turísticas | ||
| 650 | |a Hungría - |x Descripción - |x Guías Turísticas | ||
| 650 | |a Turismo - |z Budapest, Hungría | ||
| 650 | |a Turismo - |z Hungría | ||
| 910 | |a Fondo General | ||
| 920 | |a Impresos - Libros | ||
| 930 | |a Obras de Referencia | ||
| 905 | |a 102 | ||
| 901 | |a 0500024024 |b IT2 |c REF |u 20250521 | ||
| 902 | |a https://opac.biblio.iteso.mx/vufind/Record/000089990 | ||